| 000 | 00718nam a2200205 4500 | ||
|---|---|---|---|
| 001 | 118618 | ||
| 003 | ES-MaACL | ||
| 005 | 20250901062535.0 | ||
| 007 | t| | ||
| 008 | 070214s1965 sp r ||||1| spa d | ||
| 100 | 0 |
_aDaniel-Rops. _942631 |
|
| 245 | 1 | 0 |
_aBreve historia de Cristo Jesús / _cDaniel-Rops [seud] ; versión española de Claudio Gancho. |
| 260 |
_aAndorra : _bCasal i Vall, _c1965. |
||
| 300 |
_a156 p. ; _c19 cm. |
||
| 490 | 1 |
_aYo sé-yo creo. Enciclopedia del católico en el siglo XX ; _v68 |
|
| 700 | 1 |
_aGancho, Claudio _953818 |
|
| 830 | 0 | 0 |
_aYo sé, yo creo: enciclopedia del católico del siglo XX _v68 _9186579 |
| 852 |
_aES-MaACL _jC-27995 _bR.56971 |
||
| 999 |
_c118618 _d118618 |
||